[Event "Penang op-B 9th"]
[Site "Penang"]
[Date "2017.12.08"]
[Round "8"]
[White "Singgih, Diajeng Theresa"]
[Black "Mahindran, Praveen"]
[Result "1-0"]
[WhiteElo "1897"]
[BlackElo "1541"]
[PlyCount "65"]
[EventDate "2017.12.04"]
[EventType "swiss"]
[EventRounds "9"]
[EventCountry "MAS"]
[SourceTitle "CBM 182 Extra"]
[Source "ChessBase"]
[SourceDate "2018.02.23"]
[SourceVersion "1"]
[SourceVersionDate "2018.02.23"]
[SourceQuality "1"]

1. e4 c5 2. Nf3 Nc6 3. d4 cxd4 4. Nxd4 d6 5. Nc3 Nf6 6. Bc4 g6 7. 0-0 Bg7 8. Kh1 0-0 9. Nb3 a6 10. a4 Kh8 11. f3 Qc7 12. Be3 Bd7 13. Qd2 Na5 14. Nxa5 Qxa5 15. Bh6 Qc7 16. Bb3 Rac8 17. Rad1 Bc6 18. g4 Kg8 19. Rg1 Rcd8 20. Rg3 e6 21. Rh3 Qe7 22. Ne2 Kh8 23. Bxg7+ Kxg7 24. Qh6+ Kh8 25. Ng3 Rg8 26. g5 Nh5 27. Nxh5 gxh5 28. Rxh5 Rg7 29. Rg1 Rdg8 30. Rg3 f6 31. gxf6 Rxg3 32. hxg3 Qf7 33. Bxe6 1-0